Statystyki dla Ludzie z co najmniej 2 piosenkami powyżej miliarda wievs

Kliknij tutaj aby rozwiązać quiz!

Ogólne statystyki

  • Ten quiz został rozwiązany 42 razy
  • Średni wynik to 14 z 50

Statystyki odpowiedzi

WłasneFeat.RazemWykonawca/Zespół% Poprawnych
426Justin Bieber
80%
314Ariana Grande
68%
224Rihanna
66%
022Selena Gomez
63%
404Taylor Swift
63%
303Ed Sheeran
61%
202Luis Fonsi
59%
202Eminem
56%
404Katy Perry
56%
404Shakira
51%
213Drake
46%
044Nicki Minaj
41%
202PSY
41%
415Bruno Mars
39%
303Adele
37%
112Pitbull
34%
202Shawn Mendes
34%
325Sia
34%
022Cardi B
32%
303Imagine Dragons
32%
202Maroon 5
29%
202Fifth Harmony
27%
112Charlie Puth
24%
213Coldplay
24%
202twenty one pilots
24%
202David Guetta
22%
224Daddy Yankee
20%
303The Weeknd
20%
303Enrique Iglesias
17%
325J Balvin
17%
202Ricky Martin
17%
202Sam Smith
17%
303Calvin Harris
15%
202DJ Snake
15%
202Ellie Goulding
12%
257Ozuna
12%
022Sean Paul
12%
303The Chainsmokers
12%
325Maluma
10%
022Bad Bunny
7%
202Becky G
5%
022Farruko
2%
022Quavo
2%
202Carlos Vives
0%
022Descemer Bueno
0%
022Dolla Sign
0%
112Gente de Zona
0%
202Natti Natasha
0%
415Nicky Jam
0%
112Romeo Santos
0%

Rozkład punktacji

Percentyl według liczby udzielonych odpowiedzi

Procent ludzi z każdym wynikiem

Twoja historia wyników

Nie rozwiązałeś tego quizu